[Event "Sachsen-ch U14 Girls"]
[Site "Sebnitz"]
[Date "2006.04.21"]
[Round "5"]
[White "Fritsche, Miriam"]
[Black "Enderlein, Jenny"]
[Result "0-1"]
[WhiteElo "940"]
[BlackElo "922"]
[PlyCount "130"]
[EventDate "2006.04.18"]
[EventType "swiss"]
[EventRounds "7"]
[EventCountry "GER"]
[SourceTitle "EXT 2007"]
[Source "ChessBase"]
[SourceDate "2006.11.23"]
[SourceVersion "1"]
[SourceVersionDate "2006.11.23"]
[SourceQuality "1"]

1. e4 c5 2. Bc4 d6 3. Nc3 g6 4. Nf3 Nf6 5. d3 Bg7 6. Bb5+ Nbd7 7. Bc4 Nb6 8. Bb3 0-0 9. 0-0 Bd7 10. Bg5 Ng4 11. h3 Ne5 12. Rb1 Nxf3+ 13. Qxf3 Be6 14. Bd5 Nxd5 15. exd5 Bf5 16. Rfe1 Bxc3 17. bxc3 f6 18. Bh6 Re8 19. Rxb7 Bd7 20. Rbb1 Ba4 21. Re2 e5 22. Qg4 Bd7 23. Qg3 Bf5 24. Rd2 Rb8 25. Rdd1 Qa5 26. Ra1 Qxc3 27. Rac1 Qd4 28. c4 Rb7 29. Qe3 Qxe3 30. fxe3 Reb8 31. e4 Bd7 32. Bd2 Ba4 33. Rf1 Rf8 34. Bh6 Rff7 35. Bd2 Rb2 36. Rb1 Rxd2 37. Rb8+ Rf8 38. Rxf8+ Kxf8 39. Rxf6+ Ke8 40. Re6+ Kd7 41. Rf6 Ke7 42. Re6+ Kd8 43. Rxd6+ Bd7 44. Ra6 Rxd3 45. Rxa7 Rd1+ 46. Kh2 Re1 47. Ra8+ Bc8 48. Ra7 h5 49. Rg7 Rxe4 50. Rxg6 Rxc4 51. Rg8+ Kc7 52. Rg6 e4 53. Kg3 Rc3+ 54. Kf2 e3+ 55. Ke2 Bf5 56. d6+ Kd7 57. Rf6 Bd3+ 58. Kxe3 Bb1+ 59. Kf4 c4 60. Ke5 Re3+ 61. Kd5 c3 62. Rf7+ Kd8 63. Kc6 Bg6 64. Rf3 Rxf3 65. gxf3 c2 0-1

[Event "Sachsen-ch U14 Girls"]
[Site "Sebnitz"]
[Date "2006.04.19"]
[Round "2"]
[White "Reichelt, Luisa Marie"]
[Black "Enderlein, Jenny"]
[Result "1-0"]
[WhiteElo "1218"]
[BlackElo "922"]
[PlyCount "125"]
[EventDate "2006.04.18"]
[EventType "swiss"]
[EventRounds "7"]
[EventCountry "GER"]
[SourceTitle "EXT 2007"]
[Source "ChessBase"]
[SourceDate "2006.11.23"]
[SourceVersion "1"]
[SourceVersionDate "2006.11.23"]
[SourceQuality "1"]

1. e4 e5 2. d4 exd4 3. Nf3 Bb4+ 4. c3 dxc3 5. Nxc3 Bxc3+ 6. bxc3 d6 7. Rb1 Be6 8. a3 b6 9. Bf4 Nc6 10. Bb5 Bd7 11. 0-0 Nge7 12. e5 d5 13. c4 dxc4 14. Bxc4 0-0 15. Qc2 Bf5 16. Qc3 Bxb1 17. Rxb1 Qd7 18. Re1 h6 19. e6 Qd8 20. exf7+ Rxf7 21. Bxf7+ Kxf7 22. Bg3 Nd5 23. Qxc6 Ne7 24. Ne5+ Kg8 25. Qe6+ Kh7 26. Nf7 Qe8 27. Qxe7 Qxe7 28. Rxe7 c5 29. Ne5 Rd8 30. Rd7 Re8 31. Rxa7 Re6 32. h3 b5 33. Rc7 c4 34. Nxc4 bxc4 35. Rxc4 Re1+ 36. Kh2 Ra1 37. a4 Kg8 38. Bc7 Ra2 39. f3 Kf7 40. a5 Ke7 41. Bb6 Kd7 42. Kg3 Re2 43. Rc7+ Kd6 44. a6 Re8 45. a7 Ra8 46. Rb7 g5 47. Rb8 Rxa7 48. Bxa7 Ke6 49. Rh8 Kf5 50. Rxh6 Ke5 51. h4 gxh4+ 52. Rxh4 Kd5 53. Kf4 Ke6 54. Rh5 Kf7 55. Rh6 Kg7 56. Rb6 Kf7 57. Ke5 Kg7 58. Kf5 Kf7 59. Rb7+ Ke8 60. Ke6 Kd8 61. Rh7 Kc8 62. Kd6 Kd8 63. Rh8# 1-0